| 000 | 02387cam a2200457 4500500 | ||
|---|---|---|---|
| 005 | 20260111082303.0 | ||
| 041 | _afre | ||
| 042 | _adc | ||
| 100 | 1 | 0 |
_ade Briant, Vincent _eauthor |
| 245 | 0 | 0 | _aChronique Collectivités territoriales et environnement 2020 |
| 260 | _c2021. | ||
| 500 | _a4 | ||
| 520 | _aDifférenciation et subsidiarité marquent l’année 2020 dans la protection de l’environnement, qui s’appuie toujours davantage sur les collectivités territoriales, mais aussi sur l’État déconcentré. Tel est en effet le sens des principales mesures nouvelles visant à lutter contre le mitage des espaces forestiers en Île-de-France, concernant la gestion de l’eau, ou encore la lutte contre le gaspillage et la promotion de l’économie circulaire. C’est ce dont la jurisprudence a pris acte, en confirmant l’intérêt à agir des pouvoirs locaux, dans de nombreux domaines. | ||
| 520 | _aDifferentiation and subsidiarity characterize Year 2020 in the protection of the environment, relying increasingly on local authorities. It can be seen from the adoption of new rules aiming at fighting againts the sprawl of forest areas in Île-de-France, concerning water management, or the fight against waste and the promotion of the circular economy. This is what case law has taken note of, by confirming the interest of local authorities in acting, in many areas. | ||
| 690 | _aarrêtés anti-pesticides | ||
| 690 | _acaptage de l’eau | ||
| 690 | _adéchets | ||
| 690 | _aéconomie circulaire | ||
| 690 | _aforêt | ||
| 690 | _aÎle-de-France | ||
| 690 | _aintérêt à agir des communes | ||
| 690 | _alutte contre le gaspillage | ||
| 690 | _apermis de construire | ||
| 690 | _arecyclage | ||
| 690 | _aresponsabilité | ||
| 690 | _aSAFER | ||
| 690 | _aanti-pesticide decrees | ||
| 690 | _abuilding permits | ||
| 690 | _acircular economy | ||
| 690 | _afight against waste | ||
| 690 | _aforest | ||
| 690 | _aÎle-de-France | ||
| 690 | _aliability | ||
| 690 | _arecycling | ||
| 690 | _aSAFER | ||
| 690 | _astanding of municipalites | ||
| 690 | _awaste | ||
| 690 | _awater collection | ||
| 786 | 0 | _nRevue juridique de l’environnement | Volume 46 | 3 | 2021-09-07 | p. 605-618 | 0397-0299 | |
| 856 | 4 | 1 | _uhttps://droit.cairn.info/revue-juridique-de-l-environnement-2021-3-page-605?lang=fr&redirect-ssocas=7080 |
| 999 |
_c1617229 _d1617229 |
||